000 00538nam a2200157 i 4500
001 40404
003 ES-MaACL
005 20230906160219.0
007 t|
008 030306s1959 sp ||||1| spa d
100 1 _aCárdenas, Eduardo.
_935136
245 1 0 _aCómo mejorar su inglés
_b: libro de lecturas comparadas en dos idiomas, con glosario de términos y giros /
_cpreparados bajo la dirección de Eduardo Cárdenas.
260 _a[Madrid :
_bAltamira,
_c1959]
300 _a351 p. ;
_c22 cm.
852 _aES-MaACL
_jC-18291
_bR.46591
999 _c40404
_d40404